[Event "Samara op"]
[Site "Samara"]
[Date "2010.07.25"]
[Round "3"]
[White "Kalinin, Pavel"]
[Black "Belikov, Alexey"]
[Result "1-0"]
[WhiteElo "2128"]
[BlackElo "2202"]
[PlyCount "83"]
[EventDate "2010.07.23"]
[EventType "swiss"]
[EventRounds "9"]
[EventCountry "RUS"]
[SourceTitle "EXT 2011"]
[Source "ChessBase"]
[SourceDate "2010.11.26"]
[SourceVersion "1"]
[SourceVersionDate "2010.11.26"]
[SourceQuality "1"]

1. Nf3 d5 2. c4 c6 3. e3 Nf6 4. Nc3 e6 5. d4 Nbd7 6. Bd3 Bd6 7. 0-0 0-0 8. e4 dxe4 9. Nxe4 Nxe4 10. Bxe4 h6 11. Bc2 Re8 12. Qd3 Nf8 13. c5 Bc7 14. Re1 Ng6 15. Ne5 Bxe5 16. Rxe5 f5 17. Re1 Bd7 18. Bd2 Qf6 19. Qg3 Re7 20. Bc3 Qg5 21. Qxg5 hxg5 22. Bd2 g4 23. Bg5 Ree8 24. Re3 Rac8 25. Rae1 Kf7 26. f3 gxf3 27. Rxf3 e5 28. Bxf5 Bxf5 29. Rxf5+ Ke6 30. g4 Rf8 31. Ref1 exd4 32. Re1+ Kd7 33. Re4 Rce8 34. Rxd4+ Kc8 35. Rxf8 Rxf8 36. Kg2 Re8 37. Kg3 Re5 38. h4 Rxc5 39. Rd8+ Kc7 40. Rg8 Ne5 41. Rxg7+ Nd7 42. h5 1-0

[Event "Samara op"]
[Site "Samara"]
[Date "2010.07.24"]
[Round "2"]
[White "Belikov, Alexey"]
[Black "Shapiro, David"]
[Result "1-0"]
[WhiteElo "2202"]
[BlackElo "1931"]
[PlyCount "71"]
[EventDate "2010.07.23"]
[EventType "swiss"]
[EventRounds "9"]
[EventCountry "RUS"]
[SourceTitle "EXT 2011"]
[Source "ChessBase"]
[SourceDate "2010.11.26"]
[SourceVersion "1"]
[SourceVersionDate "2010.11.26"]
[SourceQuality "1"]

1. e4 c6 2. c4 e5 3. Nf3 d6 4. d4 exd4 5. Nxd4 Nf6 6. Nc3 Be7 7. Be2 0-0 8. 0-0 Nbd7 9. Nf5 Nc5 10. Nxe7+ Qxe7 11. f3 a5 12. Bg5 Rd8 13. Qd2 b6 14. Rad1 Ba6 15. b3 Rd7 16. Qd4 Ne6 17. Bxf6 Qxf6 18. Qxf6 gxf6 19. Rd2 Rad8 20. Rfd1 Bb7 21. Na4 Ba6 22. Nxb6 Rb7 23. Na4 Rbd7 24. Bf1 Kf8 25. c5 Bxf1 26. Kxf1 d5 27. Nb6 Rb7 28. exd5 cxd5 29. Rxd5 Rxd5 30. Rxd5 Rc7 31. Na4 Ke7 32. g3 Ng5 33. Ke2 Ke6 34. Rd3 f5 35. h4 Nh3 36. Kf1 1-0

[Event "Samara Elo 03"]
[Site "Samara"]
[Date "2009.03.??"]
[Round "11"]
[White "Alieva, Alexandra"]
[Black "Belikov, Alexey"]
[Result "0-1"]
[WhiteElo "1864"]
[BlackElo "2202"]
[PlyCount "48"]
[EventDate "2009.03.??"]
[EventType "tourn"]
[EventRounds "11"]
[EventCountry "RUS"]
[SourceTitle "EXT 2012"]
[Source "ChessBase"]
[SourceDate "2011.11.24"]
[SourceVersion "1"]
[SourceVersionDate "2011.11.24"]
[SourceQuality "1"]

1. e4 c5 2. c3 d5 3. exd5 Qxd5 4. d4 cxd4 5. cxd4 g6 6. Nc3 Qd8 7. Nf3 Bg7 8. Bb5+ Bd7 9. Bxd7+ Nxd7 10. 0-0 Ngf6 11. Qb3 Qb6 12. Re1 Qxb3 13. axb3 a6 14. Bf4 Nb6 15. Be5 0-0 16. Bc7 Nbd5 17. Be5 e6 18. Nxd5 Nxd5 19. Bxg7 Kxg7 20. Ne5 Rac8 21. Nd7 Rfd8 22. Nc5 Rc7 23. Rad1 b6 24. Na4 Rc2 0-1

[Event "Samara Elo 03"]
[Site "Samara"]
[Date "2009.03.??"]
[Round "8"]
[White "Belikov, Alexey"]
[Black "Lutsky, Yury Aber"]
[Result "0-1"]
[WhiteElo "2202"]
[BlackElo "2085"]
[PlyCount "50"]
[EventDate "2009.03.??"]
[EventType "tourn"]
[EventRounds "11"]
[EventCountry "RUS"]
[SourceTitle "EXT 2012"]
[Source "ChessBase"]
[SourceDate "2011.11.24"]
[SourceVersion "1"]
[SourceVersionDate "2011.11.24"]
[SourceQuality "1"]

1. e4 d6 2. d4 Nf6 3. Nc3 g6 4. Be3 Bg7 5. Qd2 0-0 6. Bh6 c6 7. f3 e5 8. Nge2 Qa5 9. 0-0-0 b5 10. a3 Nbd7 11. Bxg7 Kxg7 12. Ng3 Nb6 13. d5 b4 14. axb4 Qa1+ 15. Nb1 cxd5 16. exd5 Na4 17. c3 Nxd5 18. Bb5 Be6 19. Ne4 Rac8 20. Bxa4 Qxa4 21. Nxd6 Qxb4 22. Qe2 Rfd8 23. Qxe5+ Kg8 24. Na3 Rxc3+ 25. bxc3 Qxa3+ 0-1

[Event "Samara Elo 03"]
[Site "Samara"]
[Date "2009.03.??"]
[Round "2"]
[White "Belikov, Alexey"]
[Black "Natacheev, Peter"]
[Result "1-0"]
[WhiteElo "2202"]
[BlackElo "2191"]
[PlyCount "71"]
[EventDate "2009.03.??"]
[EventType "tourn"]
[EventRounds "11"]
[EventCountry "RUS"]
[SourceTitle "EXT 2012"]
[Source "ChessBase"]
[SourceDate "2011.11.24"]
[SourceVersion "1"]
[SourceVersionDate "2011.11.24"]
[SourceQuality "1"]

1. e4 c5 2. Nf3 e6 3. d4 cxd4 4. Nxd4 Nf6 5. Nc3 Nc6 6. Ndb5 d6 7. Bf4 e5 8. Bg5 a6 9. Bxf6 gxf6 10. Na3 b5 11. Nd5 Bg7 12. c3 0-0 13. Bd3 Ne7 14. Nxe7+ Qxe7 15. Nc2 Be6 16. Ne3 Bh6 17. 0-0 Kh8 18. Qh5 Bxe3 19. fxe3 Rg8 20. a4 Rg6 21. axb5 Rag8 22. bxa6 Rxg2+ 23. Kh1 R2g5 24. Qf3 R5g6 25. b4 Bg4 26. Qf2 Qa7 27. b5 Bh3 28. Rg1 Bg2+ 29. Rxg2 Rxg2 30. Qxg2 Rxg2 31. Kxg2 f5 32. exf5 e4 33. Bf1 d5 34. Kf2 Kg7 35. Ra2 Qc7 36. a7 1-0

[Event "Zhigulevskie prostory op"]
[Site "Samara"]
[Date "2008.07.31"]
[Round "7"]
[White "Belikov, Alexey"]
[Black "Zhuzhukin, Nikita"]
[Result "1-0"]
[WhiteElo "2240"]
[BlackElo "1983"]
[PlyCount "105"]
[EventDate "2008.07.25"]
[EventType "swiss"]
[EventRounds "9"]
[EventCountry "RUS"]
[SourceTitle "EXT 2022"]
[Source "ChessBase"]
[SourceDate "2021.10.06"]
[SourceVersion "1"]
[SourceVersionDate "2021.10.06"]
[SourceQuality "1"]

1. d4 d5 2. c4 e6 3. Nc3 Nf6 4. cxd5 exd5 5. Bg5 Be7 6. e3 0-0 7. Bd3 b6 8. Bxf6 Bxf6 9. Qh5 g6 10. Qxd5 c6 11. Qxd8 Rxd8 12. Be4 Bb7 13. Nge2 Nd7 14. 0-0 Nf8 15. Rac1 Rac8 16. Rc2 Ba6 17. Rfc1 Ne6 18. g3 Bg7 19. h4 f5 20. Bf3 Rd6 21. Nd5 Kf7 22. Nb4 Bxe2 23. Bxe2 c5 24. Bc4 Ke7 25. Bxe6 Kxe6 26. Na6 Rdc6 27. dxc5 bxc5 28. Nxc5+ Kf7 29. b4 Bf8 30. Rd1 Ke8 31. Rd5 a5 32. a3 axb4 33. axb4 Rb8 34. Rc4 Rb5 35. g4 Bxc5 36. Rdxc5 Rcxc5 37. bxc5 fxg4 38. Kg2 Kd7 39. Kg3 h5 40. Kf4 Rb2 41. Kg5 Rxf2 42. Kxg6 g3 43. Kxh5 Re2 44. Kg6 Rxe3 45. Rg4 Rc3 46. h5 Rxc5 47. h6 Re5 48. h7 Re6+ 49. Kh5 Re5+ 50. Kh4 Re8 51. Rxg3 Rh8 52. Rg7+ Ke6 53. Kg5 1-0

[Event "Zhigulevskie prostory op"]
[Site "Samara"]
[Date "2008.07.29"]
[Round "5"]
[White "Belikov, Alexey"]
[Black "Kobylsky, Evgeny"]
[Result "1/2-1/2"]
[WhiteElo "2240"]
[BlackElo "2055"]
[PlyCount "65"]
[EventDate "2008.07.25"]
[EventType "swiss"]
[EventRounds "9"]
[EventCountry "RUS"]
[SourceTitle "EXT 2022"]
[Source "ChessBase"]
[SourceDate "2021.10.06"]
[SourceVersion "1"]
[SourceVersionDate "2021.10.06"]
[SourceQuality "1"]

1. d4 d5 2. c4 dxc4 3. Nf3 Nf6 4. e3 e6 5. Bxc4 c5 6. 0-0 Nc6 7. Nc3 a6 8. a4 cxd4 9. exd4 Nb4 10. Bg5 Be7 11. Re1 0-0 12. Bh4 Nfd5 13. Bg3 b6 14. Rc1 Bb7 15. Qe2 Bd6 16. Ne5 Qe7 17. Ne4 Bb8 18. Qh5 f6 19. Nd3 Bxg3 20. Nxg3 Rac8 21. Nf5 Qd7 22. Nxb4 Nxb4 23. Bxe6+ Qxe6 24. Qg4 Qxe1+ 25. Rxe1 Rc7 26. Qg3 Nd5 27. h3 g6 28. Nd6 Bc6 29. b3 f5 30. Qe5 Re7 31. Qxe7 Nxe7 32. Rxe7 Rd8 33. Nc4 1/2-1/2

[Event "Samara Region-ch"]
[Site "Samara"]
[Date "2007.12.23"]
[Round "9"]
[White "Purygin, Andrei"]
[Black "Belikov, Alexey"]
[Result "1-0"]
[WhiteElo "2196"]
[BlackElo "2289"]
[PlyCount "41"]
[EventDate "2007.12.15"]
[EventType "tourn"]
[EventRounds "9"]
[EventCountry "RUS"]
[SourceTitle "CBM 122 Extra"]
[Source "ChessBase"]
[SourceDate "2008.03.04"]
[SourceVersion "1"]
[SourceVersionDate "2008.03.04"]
[SourceQuality "1"]

1. d4 Nf6 2. c4 e6 3. Nc3 Bb4 4. f3 Nc6 5. e4 e5 6. d5 Bxc3+ 7. bxc3 Nb8 8. c5 d6 9. cxd6 cxd6 10. Bg5 Nbd7 11. Bd3 Qc7 12. Ne2 b6 13. 0-0 Bb7 14. Qe1 h6 15. Be3 Nc5 16. Bb5+ Nfd7 17. Ng3 a6 18. Be2 0-0 19. Nf5 Kh7 20. Bxh6 gxh6 21. Qh4 1-0

[Event "Samara Zhigulevskie Prostory op"]
[Site "Samara"]
[Date "2007.07.25"]
[Round "6"]
[White "Belikov, Alexey"]
[Black "Blatov, Igor"]
[Result "1/2-1/2"]
[WhiteElo "2313"]
[BlackElo "2323"]
[PlyCount "34"]
[EventDate "2007.07.20"]
[EventType "swiss"]
[EventRounds "9"]
[EventCountry "RUS"]
[SourceTitle "EXT 2022"]
[Source "ChessBase"]
[SourceDate "2021.10.06"]
[SourceVersion "1"]
[SourceVersionDate "2021.10.06"]
[SourceQuality "1"]

1. e4 c6 2. d4 d5 3. Nc3 dxe4 4. Nxe4 Bf5 5. Ng3 Bg6 6. Nf3 Nf6 7. h4 h6 8. h5 Bh7 9. Bd3 Bxd3 10. Qxd3 e6 11. Bf4 Bd6 12. Bxd6 Qxd6 13. 0-0-0 Nbd7 14. Rhe1 0-0-0 15. Ne5 Nxe5 16. Rxe5 Ng4 17. Re2 Qf4+ 1/2-1/2

[Event "Samara Zhigulevskie Prostory op"]
[Site "Samara"]
[Date "2007.07.21"]
[Round "2"]
[White "Belikov, Alexey"]
[Black "Sayapin, Alexander"]
[Result "1/2-1/2"]
[WhiteElo "2313"]
[BlackElo "2032"]
[PlyCount "73"]
[EventDate "2007.07.20"]
[EventType "swiss"]
[EventRounds "9"]
[EventCountry "RUS"]
[SourceTitle "EXT 2022"]
[Source "ChessBase"]
[SourceDate "2021.10.06"]
[SourceVersion "1"]
[SourceVersionDate "2021.10.06"]
[SourceQuality "1"]

1. e4 c5 2. Nf3 d6 3. Bb5+ Bd7 4. Bxd7+ Qxd7 5. c4 Nf6 6. Nc3 Nc6 7. d4 cxd4 8. Nxd4 g6 9. f3 Bg7 10. Be3 0-0 11. 0-0 Rac8 12. b3 a6 13. a4 e6 14. Qd2 d5 15. Nxc6 bxc6 16. e5 Ne8 17. Bc5 Bxe5 18. Bxf8 Kxf8 19. Rae1 Qc7 20. Kh1 Kg8 21. Ne2 Nd6 22. cxd5 exd5 23. f4 Ne4 24. Qd3 Bd6 25. Ng3 f5 26. Qxa6 Re8 27. Nxe4 fxe4 28. Rc1 c5 29. b4 c4 30. b5 Bxf4 31. b6 Qd6 32. Qb5 Rb8 33. Rxf4 Qxf4 34. Qxd5+ Kg7 35. Qd4+ Kh6 36. Ra1 c3 37. a5 1/2-1/2